Môi trường nhiệt độ tuyệt đối âm và ứng dụng.

Tìm hiểu môi trường nhiệt độ tuyệt đối âm. Phuwong pháp tạo ra và duy trì môi truwòng nhiệt độ tuyệt đối âm. Ứng dụng của môi trường nhiệt độ tuyệt đối âm.

Αποθηκεύτηκε σε:
Λεπτομέρειες βιβλιογραφικής εγγραφής
Κύριος συγγραφέας: Mai, Xuân Gia (Tác giả)
Άλλοι συγγραφείς: Lê Tấn Nghĩa Th.S (Hướng dẫn)
Μορφή: Βιβλίο
Γλώσσα:Vietnamese
Έκδοση: Đà Nẵng Đại học Đà Nẵng 2006
Θέματα:
Ετικέτες: Προσθήκη ετικέτας
Δεν υπάρχουν, Καταχωρήστε ετικέτα πρώτοι!
Thư viện lưu trữ: Mạng thư viện Đại học Đà Nẵng
LEADER 01418nam a2200349 4500
001 000012203
003 8496
005 20120216150254.0
008 120216s2006 viesd
041 |a vie 
072 |a Khóa luận tốt nghiệp 
082 |a 573.5  |b MA-G 
100 |a Mai, Xuân Gia  |e Tác giả 
245 |a Môi trường nhiệt độ tuyệt đối âm và ứng dụng.  |c Mai Xuân Gia 
260 |a Đà Nẵng  |b Đại học Đà Nẵng  |c 2006 
300 |a 45 tr.  |c 29 cm 
500 |a Khóa luận tốt nghiệp khoa Vật lý. 
520 |a Tìm hiểu môi trường nhiệt độ tuyệt đối âm. Phuwong pháp tạo ra và duy trì môi truwòng nhiệt độ tuyệt đối âm. Ứng dụng của môi trường nhiệt độ tuyệt đối âm. 
653 |a Môi trường 
653 |a Nhiệt độ tuyệt đối âm 
653 |a Ứng dụng 
700 |a Lê Tấn Nghĩa  |c Th.S  |e Hướng dẫn 
OWN |a LSP 
AVA |a UDN50  |b LSP  |d 573.5 MA-G  |e available  |t Error 5001 Not defined in file expand_doc_bib_avail.  |f 1  |g 0  |h N  |i 0  |k 1 
999 |a From the UDN01 
AVA |a UDN50  |b LSP  |d 573.5 MA-G  |e available  |t Error 5001 Not defined in file expand_doc_bib_avail.  |f 1  |g 0  |h N  |i 0  |k 1 
TYP |a Monograph 
TYP |a Printed language 
980 |a Mạng thư viện Đại học Đà Nẵng